00709naa a2200241 a 450000100080000000500110000800800410001910000230006024500900008326000090017365000110018265000150019365000240020865000120023265000160024465300110026065300210027165300270029265300290031970000200034870000240036877300750039212714262000-06-12 2000 bl uuuu u00u1 u #d1 aCARVALHO, J. de A. aUtilizacao do inversor de frequencia em sistemas de irrigacao para controle de vazao. c2000 aenergy airrigation aAnálise Econômica aEnergia aIrrigação aBrasil aEconmic analysis aInversor de frequencia aVariable frequency drive1 aMELLO, C. R. de1 aBRAGA JUNIOR, R. A. tRevista Brasileira de Engenharia e Ambientalgv.4, n.1, p.51-56, 2000.